000 00660nam a22002297a 4500
003 UA-OsUOA
001 54216
007 ta
008 20170524b un ||||| |||| 00| 0 ukr d
090 _a27(477)
942 _cBR
040 _aUA-OsUOA
_beng
_cUA-OsUOA
_dUA-OsUOA
245 _aJosyf Cardinal Slipyj 1892-1984 an Imitation of Christ
300 _a15 p.
955 _a4
041 _aeng
080 _a27(477)
260 _c1985
650 7 _a27 Загальна історія Християнської церкви
_2UDC
999 _c434339
_d434339